Didáctica general

Сохранить в:
Библиографические подробности
Главный автор: Schmieder, Arno (Автор)
Формат:
Язык:испанский
Опубликовано: Buenos Aires Losada 1940
Серии:Biblioteca pedagógica, 6
Предметы:
Метки: Добавить метку
Нет меток, Требуется 1-ая метка записи!

MARC

LEADER 00000nam a2200000 a 4500
001 UCX9948
003 CL-VaPUC
008 940704e19400000AG |||||||||||||||||spa|d
082 0 4 |a 370.1  |b SCH  |2 21 
100 0 |a Schmieder, Arno  |e author  |9 327489 
245 1 0 |a Didáctica general 
300 |a 182 p 
942 |c BK 
945 |d 19940704 00:00:00  |a rbrito 
260 |a Buenos Aires  |b Losada  |c 1940 
650 0 |a Pedagogía  |9 255351 
583 |a last modification  |c 19940704 00:00:00  |k Rodrigo Vera 
490 0 |a Biblioteca pedagógica, 6 
999 |c 229061  |d 229059 
952 |0 0  |1 0  |4 0  |6 370_100000000000000_SCH_1940  |7 0  |8 P  |9 229608  |a BIBEDU  |b BIBEDU  |c BIBEDU_PB  |d 2019-11-15  |i 2987147  |o 370.1 SCH 1940  |p 2987147  |r 2024-01-25  |w 2019-11-15  |y BK  |k EDU